LEADER 03157nam 2200709Ia 450 001 9910450796203321 005 20200520144314.0 010 $a1-280-18664-X 010 $a0-203-27031-2 010 $a0-203-00750-6 035 $a(CKB)1000000000405722 035 $a(EBL)165269 035 $a(OCoLC)304076643 035 $a(SSID)ssj0000283687 035 $a(PQKBManifestationID)11912546 035 $a(PQKBTitleCode)TC0000283687 035 $a(PQKBWorkID)10249080 035 $a(PQKB)10794115 035 $a(MiAaPQ)EBC165269 035 $a(Au-PeEL)EBL165269 035 $a(CaPaEBR)ebr10056217 035 $a(CaONFJC)MIL18664 035 $a(EXLCZ)991000000000405722 100 $a19970709d1998 uy 0 101 0 $aeng 135 $aurcn||||||||| 181 $ctxt 182 $cc 183 $acr 200 10$aRe-thinking the region$b[electronic resource] $espaces of neo-liberalism /$fJohn Allen, Doreen Massey and Allan Cochrane with Julie Charlesworth, Gill Court, Nick Henry and Phil Sarre 205 $a4th rev. ed. 210 $aLondon;$aNew York $cRoutledge$d1998 215 $a1 online resource (163 p.) 300 $aDescription based upon print version of record. 311 $a0-415-16821-X 311 $a0-415-16822-8 320 $aIncludes bibliographical references and index. 327 $a""Front Cover""; ""Rethinking the Region""; ""Copyright Page""; ""Contents""; ""List of maps and montages""; ""Preface'"; ""Introduction: A space of a neo-liberal heartland""; ""Part I: Discontinuous regions""1. When was the south east?""; ""2. Where is the south east?""; ""Part II: Regions and identities"" 327 $a""3. Identity of places"" ""4. Spaces of identity""; ""Part III: Space-times of neo-liberalism""; ""5. Self-defeating growth?""; ""6. Space, place and time""; ""Bibliography"; ""Index"" 330 $aRethinking the Region argues that regions are not simply bounded spaces on a map. This book uses unique research of England during the 1980's to show how regions are made and unmade by social processes. The book examines how new lines of division both social and geographical were laid down as free-market growth and reconstructed this are as a `neo-liberal' region. The authors argue that a more balanced form of growth is possible - within and between regions as well as between social groups. This book shows that to grasp the complexities of growth we must rethink `the region' in time as well as 606 $aGeography 606 $aEarth sciences 608 $aElectronic books. 615 0$aGeography. 615 0$aEarth sciences. 676 $a320.51 676 $a914.2 676 $a914.2 700 $aAllen$b John$0295498 701 $aMassey$b Doreen B$0895605 701 $aCochrane$b Allan$0330036 701 $aCharlesworth$b Julie$0953107 701 $aCourt$b G$g(Gill)$0953108 701 $aHenry$b Nick$0431005 701 $aSarre$b Phil$0953109 801 0$bMiAaPQ 801 1$bMiAaPQ 801 2$bMiAaPQ 906 $aBOOK 912 $a9910450796203321 996 $aRe-thinking the region$92154750 997 $aUNINA LEADER 02600nam 22004933a 450 001 9910917282503321 005 20250204000057.0 010 $a9789461663412 010 $a9461663412 010 $a9789462702387 010 $a9462702381 024 8 $ahttps://doi.org/10.11116/9789461663412 035 $a(CKB)36722005300041 035 $a(ScCtBLL)654752c3-3f52-452d-94e2-71f4b721b03d 035 $a(EXLCZ)9936722005300041 100 $a20250204i20202021 uu 101 0 $aeng 135 $aur||||||||||| 181 $ctxt$2rdacontent 182 $cc$2rdamedia 183 $acr$2rdacarrier 200 00$aTurkish German Muslims and Comedy Entertainment : $eSettling into Mainstream Culture in the 21st Century /$fBenjamin Nickl 210 1$a[s.l.] :$cLeuven University Press,$d2020. 215 $a1 online resource (217 p.) 225 1 $aCurrent Issues in Islam 311 08$a9789461663429 311 08$a9461663420 330 $aTurkish German comedy culture and the lived realities of Turkish Muslims in Germany Comedy entertainment is a powerful arena for serious public engagement with questions of German national identity and Turkish German migration. The German majority society and its largest labour migrant community have been asking for decades what it means to be German and what it means for Turkish Germans, Muslims of the second and third generations, to call Germany their home. Benjamin Nickl examines through the social pragmatics of humour the dynamics that underpin these questions in the still-evolving popular culture space of German mainstream humour in the 21st century. The first book-length study on the topic to combine close readings of film, television, literary and online comedy, and transnational culture studies, Turkish German Muslims and Comedy Entertainment presents the argument that Turkish German humour has moved from margin to mainstream by intervening in cultural incompatibility and Islamophobia discourse. 410 $aCurrent Issues in Islam 606 $aPerforming Arts / Comedy$2bisacsh 606 $aSocial Science / Islamic Studies$2bisacsh 606 $aHumor / Topic / Regional & Cultural$2bisacsh 606 $aSocial sciences 615 7$aPerforming Arts / Comedy 615 7$aSocial Science / Islamic Studies 615 7$aHumor / Topic / Regional & Cultural 615 0$aSocial sciences. 700 $aNickl$b Benjamin$0983887 801 0$bScCtBLL 801 1$bScCtBLL 906 $aBOOK 912 $a9910917282503321 996 $aTurkish German muslims and comedy entertainment$92246310 997 $aUNINA